LEADER 01155nam 2200409 450 001 9910468049203321 005 20200429183824.0 010 $a2-8080-0744-2 035 $a(CKB)4340000000246849 035 $a(MiAaPQ)EBC5303467 035 $a(EXLCZ)994340000000246849 100 $a20200429d2018 uy 0 101 0 $ager 135 $aurcnu|||||||| 181 $ctxt$2rdacontent 182 $cc$2rdamedia 183 $acr$2rdacarrier 200 14$aDie Pest /$fAlbert Camus ; verfasst von Mae?l Tailler und Lucile Lhoste ; u?bersetzt von Miriam Traub 210 1$a[Place of publication not identified] :$cDerQuerleser.de,$d[2018] 210 4$d©2018 215 $a1 online resource (52 pages) 225 0 $aLektu?rehilfe 606 $aPlague 608 $aElectronic books. 615 0$aPlague. 676 $a614.5732 700 $aCamus$b Albert$f1913-1960,$0131426 702 $aTailler$b Mae?l 702 $aLhoste$b Lucile 702 $aTraub$b Miriam 801 0$bMiAaPQ 801 1$bMiAaPQ 801 2$bMiAaPQ 906 $aBOOK 912 $a9910468049203321 996 $aDie Pest$91924274 997 $aUNINA LEADER 00973nam0 22002771i 450 001 UON00193650 005 20231205103225.248 010 $a04-16-78450-X 100 $a20030730d1975 |0itac50 ba 101 $aeng 102 $aGB 105 $a|||| 1|||| 200 1 $aˆAn ‰introduction to Pope$fPat Rogers 210 $aLondon$cMethuen$d1975 215 $ax, 180 p.$d20 cm. 606 $aPOPE ALEXANDER$3UONC039714$2FI 620 $aGB$dLondon$3UONL003044 676 $a820$cLetteratura inglese e antico inglese$v21 700 1$aROGERS$bPat$3UONV172332$0168605 712 $aMethuen & Co.$3UONV247855$4650 801 $aIT$bSOL$c20240220$gRICA 899 $aSIBA - SISTEMA BIBLIOTECARIO DI ATENEO$2UONSI 912 $aUON00193650 950 $aSIBA - SISTEMA BIBLIOTECARIO DI ATENEO$dSI Angl IV B POP-ROG $eSI LO1635 5 996 $aIntroduction to Pope$9183837 997 $aUNIOR